GETS Theological Seminary Library

诠释学: (Record no. 20372)

MARC details
000 -LEADER
fixed length control field 01120nam a2200289Ia 4500
003 - CONTROL NUMBER IDENTIFIER
control field OSt
005 - DATE AND TIME OF LATEST TRANSACTION
control field 20200924155856.0
008 - FIXED-LENGTH DATA ELEMENTS--GENERAL INFORMATION
fixed length control field 200826s9999||||xx |||||||||||||| ||und||
020 ## - INTERNATIONAL STANDARD BOOK NUMBER
International Standard Book Number 7100069254
020 ## - INTERNATIONAL STANDARD BOOK NUMBER
International Standard Book Number 9787100069250
040 ## - CATALOGING SOURCE
Transcribing agency GETS
041 ## - LANGUAGE CODE
Language code of text/sound track or separate title chi
Language code of original ger
050 ## - LIBRARY OF CONGRESS CALL NUMBER
Classification number B3248.G2
Item number .A3 2013
100 ## - MAIN ENTRY--PERSONAL NAME
Personal name Gadamer, Hans-Georg
245 #0 - TITLE STATEMENT
Title 诠释学:
Remainder of title 真理与方法: 补充和索引 = Gesammelte Werke. Bd. Hermeneutik : Wahrheit und Methode. :Ergangen, Register /
Statement of responsibility, etc. 汉斯-格奥尔格.伽达默尔(Hans-Georg Gadamer) 著; 洪汉鼎 译
246 ## - VARYING FORM OF TITLE
Title proper/short title 詮釋學 :
Remainder of title 真理與方法: 補充和索引 = Gesammelte Werke. Bd. Hermeneutik : Wahrheit und Methode. :Ergangen, Register/
260 ## - PUBLICATION, DISTRIBUTION, ETC.
Place of publication, distribution, etc. 北京 :
Name of publisher, distributor, etc. 商務印書館,
Date of publication, distribution, etc. 2013, c2010
300 ## - PHYSICAL DESCRIPTION
Extent 2 v.
Other physical details ;
Dimensions 21 cm.
490 ## - SERIES STATEMENT
Series statement 汉译世界学术名著丛书
500 ## - GENERAL NOTE
General note Translation of: Gesammelte Werke. Bd.2, Hermeneutik: Wahrheit und Methode.-2 :Ergangen, Register.
650 ## - SUBJECT ADDED ENTRY--TOPICAL TERM
Topical term or geographic name entry element Hermeneutics.
650 ## - SUBJECT ADDED ENTRY--TOPICAL TERM
Topical term or geographic name entry element Philosophie.
700 ## - ADDED ENTRY--PERSONAL NAME
Personal name 汉斯-格奥尔格.伽达默尔
700 ## - ADDED ENTRY--PERSONAL NAME
Personal name 洪汉鼎
942 ## - ADDED ENTRY ELEMENTS (KOHA)
Koha item type Chinese Book
949 ## - LOCAL PROCESSING INFORMATION (OCLC)
v v.2
Holdings
Withdrawn status Lost status Damaged status Not for loan Home library Current library Shelving location Date acquired Total Checkouts Full call number Barcode Date last seen Price effective from Koha item type
        GETS Theological Seminary Library GETS Theological Seminary Library General Stacks 08/26/2020   B3248.G2 .A3 2013 v.1 00008538 08/26/2020 08/26/2020 Chinese Book
        GETS Theological Seminary Library GETS Theological Seminary Library General Stacks 08/26/2020   B3248.G2 .A3 2013 v.2 00008539 08/26/2020 08/26/2020 Chinese Book
OpacCredits

Contact the Librarian, GETS Library
Email: library@mygets.org









Implemented by GETS Library
(Powered by ETCA Professional Group)
GETS Theological Seminary
412 E. Rowland Street, CA 91723